000 00742nam a22002057a 4500
005 20151027132450.0
008 151027b pe |||| |||| 00| 0 spa d
050 0 4 _aKHQ3012.A9
_bL53 2001
245 0 0 _aLibertad de expresión :
_bDefendamos nuestros derechos /
_ccompiladores Daniel Soria Luján...[et al.] ; colaboración Gloria Bocanegra León.
250 _a2a ed.
260 _aLima, Perú :
_bDefensoría del Pueblo,
_c2001
300 _a123 p. ;
_c15 cm.
504 _aIncluye índice
650 4 _aLibertad de expresión
_zPerú
650 7 _2LEMB
_aLibertad de palabra
_zPerú
650 7 _2LEMB
_aDerechos civiles
_yPerú
700 1 _aSoria Luján, Daniel,
_ecomp.
700 1 _aBocanegra León, Gloria,
_ecolab.
942 _2lcc
_cLIB
999 _c105925
_d105925